000 01057cam a2200193 4500
001 X13009
008 000000n2001 000 0 eng u
035 _a(Sirsi) u113009
245 _aR v South Holland DC ex p Lincoln Co-operative Society Ltd
260 _c2001
490 _aJournal of Planning and Environment Law
_v[2001] JPL 675-686(12)
520 _aQBD 14 Nov 2000. Application for planning permission for supermarket. Application refused. Subsequent application accompanied by offer to make payment to Council under planning obligation. Decision to grant planning permission Application to quash decision. Whether planning obligation a material consideration. Whether Council's decision Wednesday unreasonable. Application allowed. Decision set aside [Taken from journal headnote].
650 _aR V SOUTH HOLLAND DC EX P LINCOLN CO-OPERATIVE SOCIETY LTD
650 _aSUPERMARKET
650 _aPLANNING PERMISSION
650 _aMATERIAL CONSIDERATION
690 _aENVIRONMENTAL AND LAND CONSULTANCY-PLANNING AND DEVELOPMENT
942 _n0
999 _c67264
_d67264